Statistiken für Staatsrecht - 1

Klicken Sie hier um das Quiz zu spielen!

Allgemein

  • Dieses Quiz wurde 52 mal gespielt
  • Das Durchschnittsergebnis liegt bei 7 aus 15

Antwortstatistiken

HintAntwort% Korrekt
Welche sind diese?frei
86%
Welche sind diese?geheim
86%
Wer wählt die Verfassungsrichter?Bundestag/ Bundesrat
83%
Wer ernennt die Bundesminister?Bundespräsident
69%
Wer wählt den Bundespräsidenten?Bundesversammlung
69%
Welche sind diese?gleich
54%
Wie nennt sich unsere Regierungsform?parlamentarische Demokratie
43%
Welche sind diese?allgemein
40%
Welche sind diese?unmittelbar
40%
Welcher Artikel des GG nennt unsere Wahlgrundsätze?38
29%
Warum können Art. 1 und 20 GG nicht geändert werden?Ewigkeitsklausel
29%
Wie viele Abgeordnete sitzen nach altem Wahlrecht min. im Bundestag?598
26%
Wie kann das Grundgesetz geändert werden?2-3-Mehrheit im Bundestag und Bundesrat
23%
Woraus ergibt sich diese?Art.79
3%
Wie ist diese Zusammengesetzt?hälfte Bundestag, hälfte Gesandte aus Bundesrat
0%

Verteilung der Resultate

Perzentil nach korrekt beantworteten Fragen

Anzahl Personen mit jedem Resultat

Ihre Resultats-Entwicklung

Sie haben dieses Quiz noch nicht gespielt